[Event "Izmailov Memorial op 17th"]
[Site "Tomsk"]
[Date "2013.06.19"]
[Round "9"]
[White "Elsukov, Vladimir"]
[Black "Zapolsky, Sergey"]
[Result "0-1"]
[WhiteElo "1797"]
[BlackElo "2049"]
[PlyCount "61"]
[EventDate "2013.06.11"]
[EventType "swiss"]
[EventRounds "9"]
[EventCountry "RUS"]
[SourceTitle "EXT 2014"]
[Source "ChessBase"]
[SourceDate "2013.11.20"]
[SourceVersion "1"]
[SourceVersionDate "2013.11.20"]
[SourceQuality "1"]

1. c4 Nf6 2. Nf3 g6 3. Nc3 Bg7 4. d4 d5 5. cxd5 Nxd5 6. e4 Nxc3 7. bxc3 c5 8. Bc4 0-0 9. 0-0 Nc6 10. Bd5 cxd4 11. Bxc6 bxc6 12. cxd4 c5 13. Be3 Bg4 14. Rc1 cxd4 15. Bg5 h6 16. Bh4 g5 17. Bg3 Qa5 18. Qd2 Qxd2 19. Nxd2 Rac8 20. Bc7 Be2 21. Rfe1 d3 22. Nb3 Bb2 23. Rb1 Bc3 24. Ba5 Bxa5 25. Rxe2 dxe2 26. Nxa5 Rfd8 27. Re1 Rd1 28. g3 Rxe1+ 29. Kg2 Rf1 30. Nb3 e1Q 31. f3 0-1

[Event "Izmailov Memorial op 17th"]
[Site "Tomsk"]
[Date "2013.06.14"]
[Round "4"]
[White "Zapolsky, Sergey"]
[Black "Terchanyan, Zograb"]
[Result "1-0"]
[WhiteElo "2049"]
[BlackElo "1906"]
[PlyCount "72"]
[EventDate "2013.06.11"]
[EventType "swiss"]
[EventRounds "9"]
[EventCountry "RUS"]
[SourceTitle "CBM 154 Extra"]
[Source "ChessBase"]
[SourceDate "2013.06.25"]
[SourceVersion "2"]
[SourceVersionDate "2013.06.25"]
[SourceQuality "1"]

1. d4 Nf6 2. c4 e6 3. g3 d5 4. Bg2 Be7 5. Nf3 dxc4 6. 0-0 a6 7. Ne5 0-0 8. Nc3 c5 9. dxc5 Bxc5 10. Nxc4 Nc6 11. Bf4 Qe7 12. Bd6 Bxd6 13. Qxd6 Rd8 14. Qxe7 Nxe7 15. Rfd1 Rf8 16. Na4 Ned5 17. e4 Ne7 18. Nab6 Rb8 19. e5 Nfd5 20. a4 Nxb6 21. Nxb6 Nc6 22. f4 f6 23. exf6 Rxf6 24. Rd6 e5 25. Bd5+ Kf8 26. fxe5 Nxe5 27. Rd8+ Ke7 28. Rxc8 Rxc8 29. Nxc8+ Kd7 30. Rc1 Nd3 31. Rc3 Nxb2 32. a5 Nd1 33. Rc1 Ne3 34. Bxb7 Rf5 35. Nb6+ Ke7 36. Re1 Re5 1-0

[Event "Izmailov Memorial op 15th"]
[Site "Tomsk"]
[Date "2011.06.05"]
[Round "5"]
[White "Zapolsky, Sergey"]
[Black "Sinkin, Boris"]
[Result "1/2-1/2"]
[WhiteElo "2060"]
[BlackElo "1945"]
[PlyCount "48"]
[EventDate "2011.06.01"]
[EventType "swiss"]
[EventRounds "9"]
[EventCountry "RUS"]
[SourceTitle "EXT 2013"]
[Source "ChessBase"]
[SourceDate "2012.11.22"]
[SourceVersion "1"]
[SourceVersionDate "2012.11.22"]
[SourceQuality "1"]

1. e4 e5 2. Nf3 Nc6 3. Nc3 Nf6 4. Bb5 Bb4 5. d3 d6 6. Bg5 Bg4 7. 0-0 0-0 8. a3 Bxc3 9. bxc3 Re8 10. Bxc6 bxc6 11. h3 Bxf3 12. Qxf3 h6 13. Bxf6 Qxf6 14. Qxf6 gxf6 15. f3 d5 16. exd5 cxd5 17. c4 dxc4 18. dxc4 e4 19. fxe4 Rxe4 20. c5 Rc4 21. Rac1 Rxc5 22. Rxf6 Ra5 23. Rxh6 Rxa3 24. c4 Ra2 1/2-1/2

[Event "Izmailov Memorial op 15th"]
[Site "Tomsk"]
[Date "2011.06.02"]
[Round "2"]
[White "Terchanyan, Zograb"]
[Black "Zapolsky, Sergey"]
[Result "1/2-1/2"]
[WhiteElo "1906"]
[BlackElo "2060"]
[PlyCount "81"]
[EventDate "2011.06.01"]
[EventType "swiss"]
[EventRounds "9"]
[EventCountry "RUS"]
[SourceTitle "EXT 2013"]
[Source "ChessBase"]
[SourceDate "2012.11.22"]
[SourceVersion "1"]
[SourceVersionDate "2012.11.22"]
[SourceQuality "1"]

1. d4 Nf6 2. c4 g6 3. g3 Bg7 4. Bg2 0-0 5. e4 c5 6. Ne2 d6 7. 0-0 Nc6 8. dxc5 dxc5 9. Nbc3 Bg4 10. Be3 Nd4 11. f3 Nxe2+ 12. Qxe2 Be6 13. e5 Nd7 14. f4 Qc8 15. Nd5 Re8 16. Rad1 f6 17. exf6 exf6 18. Qf2 Rb8 19. b3 f5 20. Bc1 Nf6 21. Nxf6+ Bxf6 22. Bb2 Bxb2 23. Qxb2 Bf7 24. Rd3 Re7 25. Rfd1 Qe8 26. Qd2 Re2 27. Qa5 b6 28. Qc3 Re7 29. Kf1 Qf8 30. Rd7 Rbe8 31. Rxe7 Qxe7 32. Re1 Qd7 33. Rxe8+ Bxe8 34. Bd5+ Bf7 35. Bxf7+ Kxf7 36. Ke2 Qe8+ 37. Qe3 Qc6 38. Qf3 Qd7 39. Qd3 Qc6 40. Qf3 Qd7 41. Qd3 1/2-1/2

[Event "Tomsk-ch"]
[Site "Tomsk"]
[Date "2010.12.11"]
[Round "5"]
[White "Beletsky, Alexey"]
[Black "Zapolsky, Sergey"]
[Result "1-0"]
[WhiteElo "2307"]
[BlackElo "2100"]
[PlyCount "135"]
[EventDate "2010.12.06"]
[EventType "tourn"]
[EventRounds "11"]
[EventCountry "RUS"]
[SourceTitle "EXT 2022"]
[Source "ChessBase"]
[SourceDate "2021.10.06"]
[SourceVersion "1"]
[SourceVersionDate "2021.10.06"]
[SourceQuality "1"]

1. e4 c5 2. Nf3 d6 3. Bb5+ Bd7 4. Bxd7+ Qxd7 5. 0-0 Nc6 6. Qe2 Nf6 7. Rd1 g6 8. d4 cxd4 9. Nxd4 Bg7 10. Nxc6 Qxc6 11. Nc3 0-0 12. Nd5 Nxd5 13. exd5 Qc7 14. c3 Rae8 15. Be3 b6 16. a4 a5 17. Qb5 Rb8 18. Rac1 Bf6 19. b3 Rfc8 20. Qe2 Qd7 21. c4 Qf5 22. g3 h5 23. h4 Kg7 24. Kg2 Rh8 25. Qf3 Qxf3+ 26. Kxf3 Bb2 27. Rc2 Ba3 28. Bd4+ f6 29. Re1 Kf7 30. Re6 Bc5 31. Bc3 Rhg8 32. Rce2 Rb7 33. Kg2 Rf8 34. f3 Rh8 35. Kh3 Rh7 36. Bb2 Rh8 37. g4 Rg8 38. Bc3 Ra7 39. Kg3 Rb7 40. Kf4 Ra7 41. Ke4 Rh8 42. Be1 Rg8 43. Kd3 Rb7 44. Rg2 Rbb8 45. Ree2 Ra8 46. Rg3 Rab8 47. Reg2 Ra8 48. Ke4 Rab8 49. Kd3 Ra8 50. Kc2 Rac8 51. Bc3 Rb8 52. Bd2 Ra8 53. b4 axb4 54. Kb3 Rh8 55. gxh5 gxh5 56. Rg7+ Kf8 57. R7g3 Rd8 58. Bxb4 Bd4 59. Bd2 Ke8 60. Bc3 Bc5 61. Rg8+ Rxg8 62. Rxg8+ Kd7 63. Rg7 Rf8 64. Rh7 Bf2 65. Rxh5 Rg8 66. Rh7 Rg3 67. a5 Rxf3 68. Kc2 1-0

[Event "Karaganda"]
[Site "Karaganda"]
[Date "2009.12.03"]
[Round "11"]
[White "Zapolsky, Sergey"]
[Black "Kassimov, Baurzhan"]
[Result "0-1"]
[WhiteElo "2081"]
[BlackElo "2248"]
[PlyCount "138"]
[EventDate "2009.11.24"]
[EventType "tourn"]
[EventRounds "14"]
[EventCountry "KAZ"]
[SourceTitle "CBM 133 Extra"]
[Source "ChessBase"]
[SourceDate "2010.01.05"]
[SourceVersion "1"]
[SourceVersionDate "2010.01.05"]
[SourceQuality "1"]

1. d4 Nf6 2. c4 e6 3. Nf3 b6 4. g3 Bb7 5. Nc3 Bb4 6. Bg2 c5 7. 0-0 cxd4 8. Qxd4 0-0 9. Bf4 Nc6 10. Qd3 Bxc3 11. Qxc3 d5 12. Rfd1 Qe7 13. Bg5 dxc4 14. Qxc4 Rac8 15. Qh4 Rfd8 16. Nd2 h6 17. Bxf6 Qxf6 18. Qxf6 gxf6 19. Ne4 Rxd1+ 20. Rxd1 f5 21. Nc3 Rd8 22. Rxd8+ Nxd8 23. Bxb7 Nxb7 24. Kg2 Nd6 25. b4 Kg7 26. Kf3 Kf6 27. Ke3 e5 28. Kf3 Ke6 29. Ke3 Kd7 30. Kd3 Kc6 31. Kc2 Ne8 32. Kd3 Nf6 33. h3 a6 34. a4 b5 35. axb5+ axb5 36. f4 exf4 37. gxf4 Nd5 38. Kd4 Nxf4 39. h4 f6 40. e3 Ne6+ 41. Kd3 Nc7 42. e4 f4 43. Ke2 Kd6 44. Kf3 Ke5 45. h5 f5 46. exf5 Kxf5 47. Kf2 Kg4 48. Ne2 Ne6 49. Nc3 Nd4 50. Nd5 Kxh5 51. Nxf4+ Kg4 52. Nd5 Kf5 53. Nc3 Kf4 54. Kg2 Kg4 55. Nd5 h5 56. Nf6+ Kg5 57. Ne4+ Kf4 58. Nc3 h4 59. Nd5+ Kg4 60. Ne3+ Kg5 61. Kh3 Ne6 62. Nd1 Nf4+ 63. Kh2 Nd5 64. Kh3 Kh5 65. Kh2 Kg4 66. Kg2 h3+ 67. Kh2 Kf3 68. Kxh3 Ke2 69. Nb2 Kd2 0-1

[Event "Karaganda"]
[Site "Karaganda"]
[Date "2009.11.30"]
[Round "8"]
[White "Arestanov, Timur"]
[Black "Zapolsky, Sergey"]
[Result "1-0"]
[WhiteElo "2243"]
[BlackElo "2081"]
[PlyCount "89"]
[EventDate "2009.11.24"]
[EventType "tourn"]
[EventRounds "14"]
[EventCountry "KAZ"]
[SourceTitle "CBM 133 Extra"]
[Source "ChessBase"]
[SourceDate "2010.01.05"]
[SourceVersion "1"]
[SourceVersionDate "2010.01.05"]
[SourceQuality "1"]

1. d4 Nf6 2. c4 g6 3. Nc3 d5 4. cxd5 Nxd5 5. e4 Nxc3 6. bxc3 Bg7 7. Bc4 c5 8. Ne2 0-0 9. Be3 cxd4 10. cxd4 Nc6 11. 0-0 Na5 12. Bd3 Be6 13. d5 Bxa1 14. Qxa1 f6 15. Bh6 Re8 16. Nf4 Bf7 17. Bb5 Rc8 18. e5 g5 19. Bxe8 Bxe8 20. exf6 exf6 21. Ne6 Qe7 22. Bg7 f5 23. Bf6 Qf7 24. Bxg5 Bd7 25. Nf4 Nc4 26. Qd4 a6 27. Bh6 Nd6 28. Nh5 Ne8 29. Re1 Qg6 30. Bc1 Rxc1 31. Rxc1 Qxh5 32. Qb6 Qg5 33. Rd1 Ba4 34. Re1 Qg7 35. Qb4 Qd7 36. Re7 Qb5 37. Qxb5 Bxb5 38. Rxb7 Bc4 39. Rd7 Bxa2 40. d6 Be6 41. Re7 Nxd6 42. Rxe6 Nf7 43. Rxa6 Kg7 44. f3 h5 45. Kf2 1-0